000 00349 a2200169 4500
001 186505
020 _a85-281-0081-2
040 _cMagnum
100 _aMachado, Ana Maria
240 1 0 _aJeca, o tatu
_lpor
245 1 0 _aJeca, o tatu
300 _a22
362 0 _a1993
440 1 _aSalamandra
697 _aLITERATURA INFANTIL
942 _cBK
999 _c186505
_d186505